| 000 | 00846cam a2200265 a 4500 | ||
|---|---|---|---|
| 001 | 46864 | ||
| 005 | 20230410123511.0 | ||
| 008 | 850725s1960 dr c 001 0 spa | ||
| 010 | _a 82182604 | ||
| 035 | _a(OCoLC)ocm12420042 | ||
| 040 |
_aDLC _cDLC |
||
| 035 | _a(OCoLC)12420042 | ||
| 043 | _anwdr--- | ||
| 050 | 1 | 4 |
_aKGQ 133 _bH519c 1960 |
| 082 | 0 | 0 |
_a345.7293/0231 _a347.29305231 _219 |
| 100 | 1 | _aHenríquez Castillo, Luis. | |
| 245 | 1 | 0 |
_aCrímenes contra la seguridad interior y exterior del Estado Dominicano / _cLuis Henríquez Castillo. |
| 260 |
_aCiudad Trujillo, D.N. : _bEditorial La Nación, _c1960. |
||
| 300 |
_axv, 563 p. : _bports. ; _c27 cm. |
||
| 500 | _aIncludes index. | ||
| 650 | 0 |
_aTrials (Political crimes and offenses) _zDominican Republic. |
|
| 942 |
_2lcc _cbk |
||
| 994 |
_aC0 _bDRFGD |
||
| 946 | _acsexposito | ||
| 999 |
_c62704 _d62704 |
||